| 000 | 00776nac a22002657a 4500 | ||
|---|---|---|---|
| 001 | BR9700695 | ||
| 003 | BR-BrBNA | ||
| 005 | 20240105121838.0 | ||
| 008 | 230509b bl.|||m| |||| 00| 0 por d | ||
| 040 |
_aBR-BrBNA _bpor _cBiblioteca Nacional de Agricultura |
||
| 072 | _aF70 | ||
| 090 | _aF70 BR9700695 | ||
| 100 | 1 | _aCarauta, J.P.P. | |
| 245 | 1 | _aMoraceas do estado do Rio de Janeiro | |
| 260 | 3 |
_aRio de Janeiro, RJ (Brasil): _c1996. |
|
| 300 | _a50 p. | ||
| 490 |
_aAlbertoa (Brazil) _vv. 4(13)p. _xISSN 0103-4944 |
||
| 500 | _aSummaries (En, Pt); 16 illus. | ||
| 650 | _aMoraceae | ||
| 650 | _aTaxonomia Vegetal | ||
| 650 | _aDistribuicao Geografica | ||
| 650 | _aRio de Janeiro | ||
| 909 |
_a202312 _bLúcia Elande _c55 _dLúcia Elande |
||
| 942 |
_2AGRIS _n0 _cMS |
||
| 999 |
_c287800 _d287800 |
||